Introduction to comparative entomology / (Record no. 12209)
[ view plain ]
| 000 -LEADER | |
|---|---|
| fixed length control field | 00933nam a2200265 a 4500 |
| 001 - CONTROL NUMBER | |
| control field | 12209 |
| 003 - CONTROL NUMBER IDENTIFIER | |
| rucl marc code | BD-RjUL |
| 005 - DATE AND TIME OF LATEST TRANSACTION | |
| control field | 20211208235244.0 |
| 008 - FIXED-LENGTH DATA ELEMENTS--GENERAL INFORMATION | |
| fixed length control field | 140128t1968 i a b 001 0 eng |
| 035 ## - SYSTEM CONTROL NUMBER | |
| System control number | (BD-RjUL) 12258 |
| 040 ## - CATALOGING SOURCE | |
| Original cataloging agency | DLC/ICU |
| Transcribing agency | ICU |
| Modifying agency | DLC |
| -- | BD-RjUL |
| Language of cataloging | eng |
| 041 ## - LANGUAGE CODE | |
| Language code of text/sound track or separate title | eng |
| 082 00 - DEWEY DECIMAL CLASSIFICATION NUMBER | |
| Classification number | 595.7 |
| Edition number | 16 |
| Author mark and year | FOI 1968 |
| 100 1# - MAIN ENTRY--PERSONAL NAME | |
| Personal name | Fox, Richard M. |
| Fuller form of name | (Richard Middleton), |
| Dates associated with a name | 1911-1968. |
| 9 (RLIN) | 37842 |
| 245 10 - TITLE STATEMENT | |
| Title | Introduction to comparative entomology / |
| Statement of responsibility, etc. | [by] Richard M. Fox [and] Jean Walker Fox. |
| 260 ## - PUBLICATION, DISTRIBUTION, ETC. (IMPRINT) | |
| Place of publication, distribution, etc. | New York ; |
| -- | Delhi : |
| Name of publisher, distributor, etc. | Reinhold Pub. Corp ; |
| -- | Affiliated east- west press, |
| Date of publication, distribution, etc. | 1968 |
| 300 ## - PHYSICAL DESCRIPTION | |
| Pagination | xiv, 450 p. : |
| Illustrations | ill. ; |
| Size | 24 cm. |
| 504 ## - BIBLIOGRAPHY, ETC. NOTE | |
| Bibliography, etc | includes Bibliographical reference and index. |
| 650 #0 - SUBJECT ADDED ENTRY--TOPICAL TERM | |
| Topical term or geographic name as entry element | Entomology. |
| 9 (RLIN) | 5496 |
| 700 1# - ADDED ENTRY--PERSONAL NAME | |
| Personal name | Fox, Jean Walker, |
| Relator term | joint author. |
| 942 ## - ADDED ENTRY ELEMENTS (KOHA) | |
| Source of classification or shelving scheme | Dewey Decimal Classification |
| Koha item type | Books |
| Lost status | Source of classification or shelving scheme | Damaged status | Not for loan | Collection code | Permanent Location | Current Location | Shelving location | Date acquired | Source of acquisition | Cost, normal purchase price | Total Checkouts | Full call number | Date last seen | Copy number | Koha item type |
|---|---|---|---|---|---|---|---|---|---|---|---|---|---|---|---|
| Dewey Decimal Classification | Non-fiction | Central Library, University of Rajshahi | Central Library, University of Rajshahi | 21/08/1973 | ship invoice | 7.50 | 595.7 FOI 1968 | 28/01/2014 | C-2 | Books | |||||
| Dewey Decimal Classification | Not For Loan | Non-fiction | Central Library, University of Rajshahi | Central Library, University of Rajshahi | Reading Room | 01/06/1966 | Asia Foundation | 595.7 FOI 1964 | 13/03/2017 | C-1 | Books | ||||
| Dewey Decimal Classification | Non-fiction | Central Library, University of Rajshahi | Central Library, University of Rajshahi | 22/08/1973 | Ship Invoice | 7.00 | 595.7 FOI 1968 | 11/06/2017 | C-3 | Books |